One Piece famous quotes challenge - Statistics

General Stats
  • This quiz has been taken 139 times
  • The average score is 14 of 30
Answer Stats
Hint Answer % Correct
"I’m going to be the King of the Pirates!" Monkey D Luffy
100%
"I'll never kick a woman, even if I die!" Vinsmoke Sanji
98%
"I may be a coward, but I can't let you hurt my friends!" Usopp
94%
"My fortune? If you want it, you can have it. Find it! I left everything this world has to offer there!" Gol D Roger
90%
"I've come... to end this war!" Shanks
84%
"I'll be whoever I need to be to protect my brother!" Sabo
80%
"Smoker-san... I did my best, didn't I?" Tashigi
62%
"Walk, Law. Unnoticed... quietly... far away... nothing will bind you anymore." Donquixote Rosinante
60%
"Being slow is being weak. Have you ever been kicked at the speed of light?" Kizaru
57%
"Do you know what happens to a person who loses their shadow?" Gecko Moria
56%
"What do you know of death? Have you ever died? Death is never an apology!" Brook
52%
"A world where the Celestial Dragons rule is a world that deserves to be destroyed." Monkey D Dragon
49%
"A man's dream will never die!" Marshall D Teach
45%
"Pirates are evil? The Marines are righteous? These terms have always changed throughout the course of history!" Donquixote Doflamingo
44%
"I'm sorry. I wanted to carry you all just a little further." Going Merry
44%
"No one is born into this world to be alone!" Jaguar D Saul
44%
"I've lived my life however I wanted, and I have no regrets!" Portgas D Ace
44%
"People don't fear God, they fear the terror He brings." Enel
36%
"Big Mom? Kaido? They're just relics of the past!" Eustass Kid
34%
"When does a man die? When he is forgotten!" Dr. Hiriluk
33%
"The thing called 'Justice' changes its shape depending on where you stand." Kuzan
28%
"I'll be waiting for you in the Land of Wano! Come at any cost!" Momonosuke
23%
"I am the man who will become the King of the Pirates! ...Wait, I mean, I'm already a legend!" Buggy The Clown
22%
"Miracles only happen to those who never give up!" Ivankov
22%
"Weaklings don't get to choose how they die." Trafalgar Law
17%
"I want to see the dawn of the world!" Pedro
15%
"I don't think of you as a lower-tier pirate. I'll take you seriously!" Charlotte Katakuri
13%
"I don't need a reason to help a friend." Bon Clay
8%
"Weakness is a sin." Crocodile
7%
"Justice is for the strong. Only the winners are allowed to be right." Rob Lucci
3%
No matching quizzes found
Score Distribution
Percent of People with Each Score
Percentile by Number Answered
Your Score History
You have not taken this quiz